Mystery XI #4 - Statistics

General Stats
  • This quiz has been taken 286 times
  • The average score is 5 of 11
Answer Stats
Answer % Correct
Samir Handanovic
97%
Mauro Icardi
78%
Geoffrey Kondogbia
67%
Ivan Perisic
57%
Gary Medel
50%
Miranda
42%
Antonio Candreva
23%
Danilo D'Ambrosio
23%
Cristian Daniel Ansaldi
16%
Roberto Gagliardini
11%
Ever Banega
8%
No matching quizzes found
Score Distribution
Percent of People with Each Score
Percentile by Number Answered
Your Score History
You have not taken this quiz